Statistics for Largest Cities in the World with 4 Letters or Less

Click here to take the quiz!

General Stats

  • This quiz has been taken 127 times
  • The average score is 10 of 26

Answer Stats

#PopulationContinentAnswer% Correct
211,400,000South AmericaLima
92%
73,450,000EuropeRome
84%
111,600,000AsiaXī'ān
75%
251,220,000EuropeOslo
70%
63,500,000EuropeKiev
68%
142,275,000AfricaLomé
58%
45,000,000AfricaKano
57%
82,925,000South AmericaCali
51%
37,350,000AsiaPune
49%
122,375,000AsiaDoha
48%
172,000,000EuropeLyon
47%
112,425,000AsiaĀgra
44%
102,650,000AsiaBaku
39%
92,825,000AsiaCebu
37%
231,310,000AfricaFès
33%
221,350,000AsiaQom
33%
191,540,000AfricaOran
29%
53,725,000AsiaZībó
25%
152,200,000North AmericaLeón
20%
162,075,000AsiaGaza
13%
241,230,000AsiaNaha
11%
181,670,000AsiaWúhú
10%
261,210,000AfricaAba
9%
201,470,000AsiaKotā
8%
132,350,000AsiaYìwū
6%
211,370,000AsiaHézé
3%

Score Distribution

Percentile by Number Answered

Percent of People with Each Score

Your Score History

You have not taken this quiz